Statistics for Famous Czech and Hungarian People

Click here to take the quiz!

General Stats

  • This quiz has been taken 119 times
  • The average score is 10 of 20

Answer Stats

ClueCzech Person% Correct
Great Hun leader in the 5th centuryAttila the Hun
82%
Absurd author of "The Metamorphosis"Franz Kafka
76%
Escape artistHarry Houdini
71%
Hungary's most influential composersFranz Liszt
68%
Holy Roman Emperor and namesake for a bridgeCharles IV
66%
Hollywood actress who married nine timesZsa Zsa Gábor
64%
"New World Symphony" composerAntonín Dvořák
62%
First President of Czech RepublicVáclav Havel
60%
Real Madrid superstar who was part of the 1954 "Golden Team"Ferenc Puskás
53%
Horror film actor who portrayed "Dracula"Béla Lugosi
48%
Hungary's most influential composersBéla Bártok
47%
World No. 1 tennis player in the late 70'sMartina Navratilova
46%
Film director of "Amadeus"Miloš Forman
45%
Communist leader of Hungary, 1956-88János Kádár
37%
Long-distance runner and 1952 Olympic medalistEmil Zátopek
35%
European NHL top scorerJaromír Jágr
34%
Ballpoint pen inventorLászló Bíró
33%
Exiled writer banned by the CommunistsMilan Kundera
32%
Communist leader during the Prague SpringAlexander Dubček
28%
Founder of ZionismTheodor Herzl
25%

Score Distribution

Percentile by Number Answered

Percent of People with Each Score

Your Score History

You have not taken this quiz